| 000 | 00757cam a2200229 a 4500 | ||
|---|---|---|---|
| 001 | 000010040 | ||
| 005 | 20200929161819.0 | ||
| 008 | 810910s1980 pr a 001 p spa | ||
| 040 |
_aDO-SdBNP _bspa _cDLC _dBNPHU |
||
| 082 |
_aPR861.44 _bS718v |
||
| 100 | 1 |
_aSotomayor, Aurea María, _d1951- _925004 |
|
| 245 | 1 | 0 |
_aVelando mi sueño de madera, 1974-1978 / _cAurea María Sotomayor. |
| 260 |
_aSan Juan, (Puerto Rico) : _bInstituto de Cultura Puertorriqueña, _c1980. |
||
| 300 |
_a69 p. : _bil. ; _c18 cm. |
||
| 490 | 1 | _aLiteratura hoy | |
| 504 | _aIncluye índice | ||
| 650 | 4 |
_aPoesía puertorriqueña _91015 |
|
| 650 | 4 |
_aLiteratura puertorriqueña _9250 |
|
| 830 | 0 |
_aLiteratura hoy. _914086 |
|
| 910 | _aCatalogación por copia / LC | ||
| 049 | _aBNGR | ||
| 999 |
_c9799 _d9799 |
||